110 losowych Flag świata - Statystyki

Ogólne statystyki
  • Ten quiz został rozwiązany 8 razy
  • Średni wynik to 71 z 110
Statystyki odpowiedzi
Obrazkowy Hint Odpowiedź % Poprawnych
Albania
100%
Algieria
100%
Andora
100%
Anglia
100%
Antarktyka
100%
Arabia Saudyjska
100%
Argentyna
100%
Australia
100%
Austria
100%
Bahrajn
100%
Barbados
100%
Belgia
100%
Białoruś
100%
Bośnia i Hercegowina
100%
Botswana
100%
Brazylia
100%
Brytyjskie Wyspy Dziewicze
100%
Bułgaria
100%
Chile
100%
Chiny
100%
Chorwacja
100%
Czarnogóra
100%
Czechy
100%
Dania
100%
Demokratyczna Republika Konga
100%
Egipt
100%
Ekwador
100%
Estonia
100%
Eswatini
100%
Etiopia
100%
Fidżi
100%
Filipiny
100%
Finlandia
100%
Francja
100%
Gabon
100%
Ghana
100%
Gibraltar
100%
Gruzja
100%
Hiszpania
100%
Holandia
100%
Indie
100%
Indonezja
100%
Irlandia
100%
Islandia
100%
Izrael
100%
Jamajka
100%
Japonia
100%
Kajmany
100%
Katar
100%
Kazachstan
100%
Kenia
100%
Kiribati
100%
Kongo
100%
Korea Północna
100%
Korea Południowa
100%
Kosowo
100%
Kuba
100%
Liban
100%
Liechtenstein
100%
Litwa
100%
Łotwa
100%
Luksemburg
100%
Macedonia Północna
100%
Madagaskar
100%
Malawi
100%
Malta
100%
Maroko
100%
Meksyk
100%
Mikronezja
100%
Mołdawia
100%
Nauru
100%
Nepal
100%
Niemcy
100%
Niger
100%
Nigeria
100%
Nikaragua
100%
Norwegia
100%
Nowa Zelandia
100%
Pakistan
100%
Panama
100%
Papua Nowa Gwinea
100%
Paragwaj
100%
Peru
100%
Polska
100%
Portugalia
100%
Republika Południowej Afryki
100%
Republika Środkowoafrykańska
100%
Rosja
100%
Rumunia
100%
San Marino
100%
Serbia
100%
Seszele
100%
Słowacja
100%
Słowenia
100%
Sri Lanka
100%
Sudan Południowy
100%
Szwajcaria
100%
Szwecja
100%
Tajlandia
100%
Tajwan
100%
Tonga
100%
Tunezja
100%
Turcja
100%
Turkmenistan
100%
Ukraina
100%
Urugwaj
100%
Walia
100%
Watykan
100%
Węgry
100%
Wenezuela
100%
Wielka Brytania
100%
Wietnam
100%
Włochy
100%
Zimbabwe
100%
Zjednoczone Emiraty Arabskie
100%
Azerbejdżan
75%
Grenlandia
75%
Komory
75%
Monako
75%
Szkocja
75%
Antigua i Barbuda
67%
Armenia
67%
Belize
67%
Czad
67%
Haiti
67%
Irlandia Północna
67%
Jordania
67%
Kirgistan
67%
Malediwy
67%
Mali
67%
Mauritius
67%
Mjanma
67%
Senegal
67%
Sierra Leone
67%
Singapur
67%
Afganistan
50%
Angola
50%
Benin
50%
Burkina Faso
50%
Dominika
50%
Dominikana
50%
Dżibuti
50%
Gambia
50%
Gwadelupa
50%
Gwinea
50%
Gwinea Bissau
50%
Gwinea Równikowa
50%
Hongkong
50%
Jemen
50%
Kuwejt
50%
Laos
50%
Makau
50%
Malezja
50%
Navassa
50%
Oman
50%
Palau
50%
Pitcairn
50%
Samoa
50%
Syria
50%
Timor Wschodni
50%
Togo
50%
Tokelau
50%
Uganda
50%
Uzbekistan
50%
Wyspa Norfolk
50%
Wyspy Cooka
50%
Wyspy Salomona
50%
Wyspy Świętego Tomasza i Książęca
50%
Zambia
50%
Kostaryka
40%
Boliwia
33%
Brunei
33%
Erytrea
33%
Guam
33%
Gujana
33%
Holandia Karaibska
33%
Liberia
33%
Martynika
33%
Mozambik
33%
Namibia
33%
Republika Zielonego Przylądka
33%
Rwanda
33%
Salwador
33%
Sint Maarten
33%
Somalia
33%
Surinam
33%
To nie Norwegia Svalbard i Jan Mayen
33%
Tadżykistan
33%
Tristan da Cunha
33%
Wake
33%
Wallis i Futuna
33%
Wyspa Clippertona
33%
Wyspy Owcze
33%
Kingman
25%
Palmyra
25%
Saba
25%
Wyspy Dziewicze Stanów Zjednoczonych
25%
Saint Kitts i Nevis
20%
Akrotiri
0%
Anguilla
0%
Aruba
0%
Bahamy
0%
Bangladesz
0%
Bermudy
0%
Bhutan
0%
Brytyjskie Terytorium Antarktyczne
0%
Brytyjskie Terytorium Oceanu Indyjskiego
0%
Burundi
0%
Curaçao
0%
Cypr
0%
To nie USA Dalekie Wyspy Mniejsze Stanów Zjednoczonych
0%
Dhekelia
0%
Falklandy
0%
Francuskie Terytoria Południowe i Antarktyczne
0%
Georgia Południowa i Sandwich Południowy
0%
Grecja
0%
Grenada
0%
Guernsey
0%
Gujana Francuska
0%
Gwatemala
0%
Honduras
0%
Howland, Jarvis i Baker
0%
Irak
0%
Iran
0%
Jersey
0%
Johnston
0%
Kambodża
0%
Kamerun
0%
Kanada
0%
Kolumbia
0%
Lesotho
0%
Libia
0%
Majotta
0%
Mariany Północne
0%
Mauretania
0%
Midway
0%
Mongolia
0%
Montserrat
0%
Niue
0%
Nowa Kaledonia
0%
Palestyna
0%
Polinezja Francuska
0%
Portoryko
0%
Reunion
0%
Sahara Zachodnia
0%
Saint-Barthélemy
0%
Saint Lucia
0%
To nie Francja Saint Martin
0%
Saint Pierre i Miquelon
0%
Saint Vincent i Grenadyny
0%
Samoa Amerykańskie
0%
Sint Eustatius
0%
Stany Zjednoczone
0%
Sudan
0%
Tanzania
0%
Trynidad i Tobago
0%
Turks i Caicos
0%
Tuvalu
0%
Vanuatu
0%
Wybrzeże Kości Słoniowej
0%
To nie Norwegia Wyspa Bouveta
0%
Wyspa Bożego Narodzenia
0%
Wyspa Man
0%
Wyspa Świętej Heleny
0%
Wyspa Wniebowstąpienia
0%
Wyspy Alandzkie
0%
To nie Australia Wyspy Heard i McDonalda
0%
Wyspy Kokosowe
0%
Wyspy Marshalla
0%
Nie znaleziono quizów pasujących do podanych kryteriów
Rozkład punktacji
Procent ludzi z każdym wynikiem
Percentyl według liczby udzielonych odpowiedzi
Twoja historia wyników
Nie rozwiązałeś tego quizu